| 000 | 00933nam a2200265 i 4500 | ||
|---|---|---|---|
| 001 | bg | ||
| 245 | 0 | 0 |
_aPressure vessel design : _bconcepts and principles / _ced. by J. Spence, A.S. Tooth. |
| 260 |
_aLondon [etc.] : _bE&FN SPON, _ccop. 1994. |
||
| 300 |
_aXVI, 491 s. : _bil. ; _c24 cm. |
||
| 504 | _aBibliogr. przy rozdz. - Indeks. | ||
| 650 | 9 |
_aZbiorniki ciśnieniowe _xkonstrukcje _xmechanika _xteoria |
|
| 650 | 9 |
_aPowłoki _xkonstrukcje _xmechanika _xteoria |
|
| 650 | 9 | _aNaprężenia i odkształcenia | |
| 650 | 9 | _aPlastyczność | |
| 700 | 1 | _aSPENCE, J. | |
| 700 | 1 | _aTOOTH, A. S. | |
| 020 | _a0419190805 | ||
| 040 | _cBPK | ||
| 041 | 0 | _aen | |
| 080 | _a624.95:624.074.4/.5:539.3/.6 | ||
| 920 | _a0-419-19080-5 | ||
| 942 | _cKS | ||
| 008 | s pl f |000 0 pol | ||
| 999 |
_c41732 _d41732 |
||
| 856 |
_uhttp://koha.tu.koszalin.pl/cgi-bin/koha/opac-detail.pl?biblionumber=41732 _yKatalog online BPK |
||